| 000 | 00322nam a2200109Ia 4500 | ||
|---|---|---|---|
| 008 | 171205s9999 xx 000 0 und d | ||
| 020 | _a9781118542408 | ||
| 100 | _aStuart, Iris. | ||
| 245 |
_cIris Stuart, Bruce Stuart, Lars J. T. Pedersen _aAccounting Ethics |
||
| 260 |
_bJohn Wiley & Sons Ltd _c2014 |
||
| 300 | _a300 pages | ||
| 999 |
_c347445 _d347445 |
||